[Event "DEM U14 2016"]
[Site "Willingen GER"]
[Date "2016.05.17"]
[Round "4"]
[White "Roseneck, Jonas"]
[Black "Mantel, Ruben"]
[Result "1-0"]
[Termination "normal"]
[Board "1"]
[WhiteElo "2011"]
[BlackElo "1925"]
[WhiteClock "00:17:42"]
[BlackClock "00:00:32"]
[PlyCount "47"]
[WhiteFideId "12939870"]
[BlackFideId "12930121"]
[EventCountry "GER"]
[EventRounds "9"]
[EventType "swiss"]
[EventDate "2016.05.14"]

1. e4 c5 2. Nf3 Nc6 3. d4 cxd4 4. Nxd4 g6 5. Nc3 Bg7 6. Be3 Nf6 7. Bc4 Qa5 8.
O-O O-O 9. Bb3 Rd8 10. h3 a6 11. f4 d6 12. Qf3 e6 13. Rad1 Bd7 14. Qf2 Qh5 15.
Nf3 b5 16. e5 dxe5 17. fxe5 Nd5 18. Nxd5 exd5 19. Bxd5 Be8 20. Bg5 Rdc8 21. e6
f6 22. Be3 Kh8 23. Bb3 Rab8 24. e7 1-0

[Event "DEM U14 2016"]
[Site "Willingen GER"]
[Date "2016.05.17"]
[Round "4"]
[White "Engel, Luis"]
[Black "Preißler, Niklas"]
[Result "1-0"]
[Termination "normal"]
[Board "2"]
[WhiteElo "2223"]
[BlackElo "1909"]
[WhiteClock "00:37:31"]
[BlackClock "00:30:06"]
[PlyCount "95"]
[WhiteFideId "12961523"]
[BlackFideId "12927554"]
[EventCountry "GER"]
[EventRounds "9"]
[EventType "swiss"]
[EventDate "2016.05.14"]

1. e4 c5 2. Nf3 d6 3. Bb5+ Bd7 4. Bxd7+ Nxd7 5. O-O Ngf6 6. Qe2 g6 7. c4 Bg7 8.
Nc3 a6 9. b3 O-O 10. Bb2 e6 11. d4 cxd4 12. Nxd4 Qc7 13. Rac1 Rac8 14. Rfd1
Rfd8 15. Rc2 Nb6 16. Qf3 Qb8 17. Ba3 Rd7 18. Nde2 Rcd8 19. Rcd2 Nc8 20. Qd3 b6
21. Bb4 Ne7 22. Nd4 Ne8 23. Nce2 Qb7 24. a4 Nc7 25. Ba3 Bf8 26. Nc3 d5 27. cxd5
exd5 28. e5 Nc6 29. Nxc6 Qxc6 30. Bxf8 Kxf8 31. Ne2 Qb7 32. Nd4 Ne6 33. Qf3 Kg8
34. h4 Nxd4 35. Rxd4 Qc6 36. h5 Kg7 37. Rf4 Re8 38. Re1 Re6 39. Rf6 Qb7 40.
Rxe6 fxe6 41. Qf6+ Kg8 42. Qxe6+ Rf7 43. hxg6 hxg6 44. Qxg6+ Rg7 45. Qe8+ Kh7
46. Re3 Rg6 47. Rh3+ Rh6 48. Rg3 1-0

[Event "DEM U14 2016"]
[Site "Willingen GER"]
[Date "2016.05.17"]
[Round "4"]
[White "Tong, Kevin"]
[Black "Zimmer, Raphael"]
[Result "0-1"]
[Termination "normal"]
[Board "3"]
[WhiteElo "2037"]
[BlackElo "2091"]
[WhiteClock "00:00:36"]
[BlackClock "00:05:26"]
[PlyCount "72"]
[WhiteFideId "12913944"]
[BlackFideId "12978841"]
[EventCountry "GER"]
[EventRounds "9"]
[EventType "swiss"]
[EventDate "2016.05.14"]

1. e4 e5 2. Nf3 Nc6 3. Bc4 Bc5 4. c3 Nf6 5. d3 a6 6. O-O O-O 7. h3 Ba7 8. Re1
d6 9. Bb3 Be6 10. Bc2 h6 11. Nbd2 Qd7 12. Nf1 Rae8 13. Ng3 d5 14. Qe2 b5 15.
Rd1 Kh8 16. Be3 d4 17. Bd2 g5 18. Bb3 Rg8 19. Bxe6 fxe6 20. cxd4 g4 21. Nxe5
Nxe5 22. dxe5 gxh3 23. Be3 Bxe3 24. Qxe3 Ng4 25. Qc5 Qg7 26. gxh3 Nxe5 27. Rac1
h5 28. d4 Nf3+ 29. Kh1 e5 30. Qxc7 Re7 31. Qc3 Rf7 32. Rd3 Nxd4 33. Rg1 Rxf2
34. Ne2 Rf1 35. Rdg3 Nxe2 36. Rxg7 Rxg1+ 0-1

[Event "DEM U14 2016"]
[Site "Willingen GER"]
[Date "2016.05.17"]
[Round "4"]
[White "Färber, David"]
[Black "Schmider, Niklas"]
[Result "1-0"]
[Termination "normal"]
[Board "4"]
[WhiteElo "2117"]
[BlackElo "2023"]
[WhiteClock "00:16:09"]
[BlackClock "00:33:39"]
[PlyCount "97"]
[WhiteFideId "12971294"]
[BlackFideId "12993778"]
[EventCountry "GER"]
[EventRounds "9"]
[EventType "swiss"]
[EventDate "2016.05.14"]

1. e4 c5 2. Nf3 d6 3. d4 cxd4 4. Nxd4 Nf6 5. Nc3 a6 6. Bg5 e6 7. f4 Be7 8. Qf3
h6 9. Bh4 Qc7 10. O-O-O Nbd7 11. Be2 b5 12. Bxf6 Nxf6 13. e5 dxe5 14. fxe5 Bb7
15. Qg3 Nd5 16. Nxe6 fxe6 17. Qg6+ Kd7 18. Bg4 Qxe5 19. Nxd5 Bxd5 20. Rxd5+
Qxd5 21. Rd1 Bg5+ 22. Kb1 Qxd1+ 23. Bxd1 Bf6 24. Qf7+ Kd6 25. Bf3 Rhf8 26. Qb7
Rad8 27. Qxa6+ Ke7 28. Qxb5 Rb8 29. Qc5+ Kf7 30. b3 Kg8 31. Qc4 Kh8 32. a4 Rbd8
33. a5 Be5 34. Qe2 Bd4 35. a6 Rf5 36. b4 Rf7 37. Qxe6 Rc7 38. Bc6 Ba7 39. b5
Bc5 40. Qc4 Bb6 41. Qe6 Bc5 42. Qe5 Bb6 43. g4 Rf7 44. g5 hxg5 45. Qxg5 Rf6 46.
Qe5 Rh6 47. Qe7 Rd1+ 48. Ka2 Bd4 49. Qd8+ 1-0

[Event "DEM U14 2016"]
[Site "Willingen GER"]
[Date "2016.05.17"]
[Round "4"]
[White "Suvorov, Luca"]
[Black "Baltic, Fatih"]
[Result "1/2-1/2"]
[Termination "normal"]
[Board "5"]
[WhiteElo "1995"]
[BlackElo "2163"]
[WhiteClock "01:00:40"]
[BlackClock "01:21:44"]
[PlyCount "61"]
[WhiteFideId "12977071"]
[BlackFideId "12979090"]
[EventCountry "GER"]
[EventRounds "9"]
[EventType "swiss"]
[EventDate "2016.05.14"]

1. d4 c5 2. e4 cxd4 3. Nf3 d6 4. Nxd4 Nf6 5. Nc3 a6 6. Bg5 e6 7. f4 Qb6 8. Qd3
Qxb2 9. Rb1 Qa3 10. f5 Be7 11. Be2 Qa5 12. Bd2 Qc7 13. fxe6 fxe6 14. g4 h6 15.
Qh3 O-O 16. g5 hxg5 17. Nxe6 Qc6 18. O-O d5 19. exd5 Nxd5 20. Nxd5 Qxd5 21. Bd3
Rxf1+ 22. Rxf1 Bc5+ 23. Be3 Bxe3+ 24. Qxe3 Bxe6 25. Be4 Qd7 26. Bxb7 Qxb7 27.
Qxe6+ Kh7 28. Qh3+ Kg6 29. Qf5+ Kh6 30. Qh3+ Kg6 31. Qf5+ 1/2-1/2

[Event "DEM U14 2016"]
[Site "Willingen GER"]
[Date "2016.05.17"]
[Round "4"]
[White "Pajeken, Jakob Leon"]
[Black "Oganessjan, Artur"]
[Result "1-0"]
[Termination "normal"]
[Board "6"]
[WhiteElo "2066"]
[BlackElo "1990"]
[WhiteClock "00:48:06"]
[BlackClock "00:22:46"]
[PlyCount "103"]
[WhiteFideId "12942839"]
[BlackFideId "12986062"]
[EventCountry "GER"]
[EventRounds "9"]
[EventType "swiss"]
[EventDate "2016.05.14"]

1. e4 e6 2. d4 d5 3. Nc3 Nf6 4. e5 Nfd7 5. f4 c5 6. Nf3 Qb6 7. Na4 Qa5+ 8. c3
a6 9. dxc5 Nxc5 10. Nxc5 Qxc5 11. Qe2 Bd7 12. Be3 Qc7 13. Qf2 Nc6 14. Bb6 Qc8
15. Bd3 Be7 16. Qg3 O-O 17. Qh3 g6 18. Qg3 Kg7 19. h4 h5 20. Nd4 Nxd4 21. Bxd4
Bc5 22. f5 Bxd4 23. f6+ Kh7 24. Qg5 Bxc3+ 25. Ke2 Bb5 26. Qxh5+ Kg8 27. Qh6
Bxd3+ 28. Kf3 Be2+ 29. Kxe2 Qc4+ 30. Kd1 Qd4+ 31. Kc2 Qe4+ 32. Kd1 Qa4+ 33. b3
Qd4+ 34. Kc2 Qe4+ 35. Kc1 Bb2+ 36. Kxb2 Qxe5+ 37. Ka3 Qxf6 38. h5 Qe7+ 39. Kb2
g5 40. Rae1 Rfe8 41. Rhf1 Qf8 42. Qxg5+ Qg7+ 43. Qxg7+ Kxg7 44. h6+ Kg6 45. Re3
f5 46. h7 Kf6 47. Rg3 Rac8 48. Rh1 d4 49. Rh6+ Ke5 50. Rhg6 Rc3 51. Rg8 Rxg3
52. h8=Q+ 1-0

[Event "DEM U14 2016"]
[Site "Willingen GER"]
[Date "2016.05.17"]
[Round "4"]
[White "Rockmann, Jan-Okke"]
[Black "Holinka, Henning"]
[Result "1/2-1/2"]
[Termination "normal"]
[Board "7"]
[WhiteElo "1885"]
[BlackElo "2011"]
[WhiteClock "00:33:17"]
[BlackClock "00:02:37"]
[PlyCount "143"]
[WhiteFideId "12942111"]
[BlackFideId "12967084"]
[EventCountry "GER"]
[EventRounds "9"]
[EventType "swiss"]
[EventDate "2016.05.14"]

1. e4 g6 2. d4 Bg7 3. Nc3 a6 4. f4 b5 5. Nf3 b4 6. Ne2 Bb7 7. Ng3 e6 8. Bd2 Nf6
9. Bd3 Qe7 10. O-O O-O 11. f5 exf5 12. exf5 c5 13. Re1 Qd6 14. dxc5 Qxc5+ 15.
Be3 Qc7 16. Bg5 d5 17. Qd2 Nc6 18. Bf4 Qb6+ 19. Be3 Qa5 20. a3 Nd7 21. axb4
Qxb4 22. c3 Qd6 23. Bh6 Nce5 24. Bxg7 Kxg7 25. Nd4 Nxd3 26. Qxd3 Ne5 27. Qe3
Rae8 28. Qg5 Kh8 29. f6 Nd7 30. Rxe8 Rxe8 31. Rf1 Qe5 32. Ndf5 Nxf6 33. Nh6
Qxg5 34. Nxf7+ Kg7 35. Nxg5 Bc6 36. Nf3 Nd7 37. Re1 Rxe1+ 38. Nxe1 Bb5 39. Kf2
Kf6 40. Ke3 Ke6 41. Nf3 h6 42. Kd4 Kd6 43. b3 Nc5 44. b4 Ne6+ 45. Ke3 Ke7 46.
Nd4 Nd8 47. h4 h5 48. Nh1 Nf7 49. Nf2 Ne5 50. Nh3 Be8 51. Nf4 Kd6 52. Nb3 Bb5
53. Nd2 Ng4+ 54. Kd4 Nh6 55. Nxd5 Nf5+ 56. Ke4 Bc6 57. c4 Nxh4 58. g3 Nf5 59.
Nf1 h4 60. gxh4 Nxh4 61. Nfe3 Nf5 62. Kf4 Nxe3 63. Nxe3 Ke6 64. Nc2 Kf6 65. Nd4
g5+ 66. Kg3 Bd7 67. c5 Ke5 68. Nf3+ Kd5 69. Nxg5 Kc4 70. Kf4 Kxb4 71. Ke4 Kxc5
72. Kd3 1/2-1/2

[Event "DEM U14 2016"]
[Site "Willingen GER"]
[Date "2016.05.17"]
[Round "4"]
[White "Pfreundt, Mathis"]
[Black "Stork, Oliver"]
[Result "0-1"]
[Termination "normal"]
[Board "8"]
[WhiteElo "1851"]
[BlackElo "1952"]
[WhiteClock "00:40:57"]
[BlackClock "00:02:33"]
[PlyCount "134"]
[WhiteFideId "12967092"]
[BlackFideId "12955728"]
[EventCountry "GER"]
[EventRounds "9"]
[EventType "swiss"]
[EventDate "2016.05.14"]

1. e4 c5 2. Nf3 Nc6 3. d4 cxd4 4. Nxd4 g6 5. Nc3 Bg7 6. Be3 Nf6 7. Be2 O-O 8.
O-O d6 9. Nb3 Bd7 10. f4 a6 11. a4 Be6 12. g4 Nd7 13. Qd2 Bxb3 14. cxb3 Nc5 15.
Bxc5 dxc5 16. Rad1 Qxd2 17. Rxd2 Nd4 18. Bc4 Rfd8 19. Kg2 Rab8 20. a5 Nc6 21.
Rfd1 Rxd2+ 22. Rxd2 Nxa5 23. e5 g5 24. Rd7 Kf8 25. Ne4 Nxc4 26. bxc4 gxf4 27.
Nxc5 Ke8 28. Rxb7 Rxb7 29. Nxb7 Bxe5 30. b4 Bc3 31. Nc5 Bxb4 32. Nxa6 Ba3 33.
Nc7+ Kd7 34. Nd5 Bd6 35. h4 Kc6 36. Kf3 Kc5 37. g5 Kxc4 38. Nb6+ Kd3 39. Nd7 e5
40. Nf6 Be7 41. Ne4 Kd4 42. Nf2 f6 43. gxf6 Bxf6 44. h5 Bh4 45. Ne4 h6 46. Nd6
Kd5 47. Ne4 Ke6 48. Kg4 Be1 49. Nc5+ Kd5 50. Nd7 Ke4 51. Nf6+ Ke3 52. Nd5+ Ke2
53. Nxf4+ exf4 54. Kxf4 Kf2 55. Kg4 Bd2 56. Kh3 Bf4 57. Kg4 Bd6 58. Kh4 Kg2 59.
Kg4 Bc7 60. Kh4 Bf4 61. Kg4 Bg5 62. Kf5 Kf3 63. Ke5 Be3 64. Kd5 Kg4 65. Ke4 Ba7
66. Kd3 Kxh5 67. Ke2 Kg4 0-1

[Event "DEM U14 2016"]
[Site "Willingen GER"]
[Date "2016.05.17"]
[Round "4"]
[White "Biastoch, Bennet"]
[Black "von Estorff, Jacob"]
[Result "1-0"]
[Termination "normal"]
[Board "9"]
[WhiteElo "2105"]
[BlackElo "1876"]
[WhiteClock "01:06:11"]
[BlackClock "01:04:36"]
[PlyCount "45"]
[WhiteFideId "12939889"]
[BlackFideId "12974501"]
[EventCountry "GER"]
[EventRounds "9"]
[EventType "swiss"]
[EventDate "2016.05.14"]

1. e4 c5 2. Nf3 Nc6 3. d4 cxd4 4. Nxd4 g6 5. Nc3 Bg7 6. Be3 Nf6 7. Bc4 d6 8. f3
O-O 9. Qd2 Nd7 10. Bb3 Nb6 11. Nxc6 bxc6 12. O-O-O Ba6 13. h4 Nc4 14. Bxc4 Bxc4
15. Bh6 Qb6 16. Bxg7 Kxg7 17. h5 Kg8 18. Qh6 Rfb8 19. hxg6 fxg6 20. Qxh7+ Kf8
21. Qxg6 Bg8 22. Rh8 Qe3+ 23. Rd2 1-0

[Event "DEM U14 2016"]
[Site "Willingen GER"]
[Date "2016.05.17"]
[Round "4"]
[White "Mätzkow, Maximilian Paul"]
[Black "Brunner, Jan"]
[Result "1-0"]
[Termination "normal"]
[Board "10"]
[WhiteElo "2161"]
[BlackElo "1963"]
[WhiteClock "00:26:53"]
[BlackClock "00:47:02"]
[PlyCount "75"]
[WhiteFideId "24679933"]
[BlackFideId "12981010"]
[EventCountry "GER"]
[EventRounds "9"]
[EventType "swiss"]
[EventDate "2016.05.14"]

1. e4 c5 2. Nf3 Nc6 3. Bb5 g6 4. Bxc6 dxc6 5. h3 Bg7 6. d3 Nf6 7. Nc3 Nd7 8.
Be3 e5 9. Qd2 Qe7 10. Bh6 Bxh6 11. Qxh6 f6 12. O-O-O Nf8 13. Qe3 Ne6 14. Ne2
Nd4 15. Nfxd4 cxd4 16. Qd2 Be6 17. Kb1 O-O-O 18. f4 Rhf8 19. Rhf1 exf4 20. Nxf4
Bg8 21. Rde1 Qe5 22. Qb4 Qd6 23. Qxd6 Rxd6 24. g4 Kd7 25. Ne2 Re8 26. Rf2 Re5
27. Ref1 Ke7 28. Ng1 h5 29. Nf3 Ra5 30. a3 hxg4 31. hxg4 c5 32. Nh4 Bh7 33. e5
Re6 34. exf6+ Kf8 35. Nf3 Rxf6 36. Ng5 Rxf2 37. Rxf2+ Kg8 38. Rh2 1-0

[Event "DEM U14 2016"]
[Site "Willingen GER"]
[Date "2016.05.17"]
[Round "4"]
[White "Suvorov, Alexander"]
[Black "Recktenwald, Cedric"]
[Result "1-0"]
[Termination "normal"]
[Board "11"]
[WhiteElo "2086"]
[BlackElo "1563"]
[WhiteClock "00:20:27"]
[BlackClock "00:16:55"]
[PlyCount "45"]
[WhiteFideId "12977063"]
[BlackFideId "12971928"]
[EventCountry "GER"]
[EventRounds "9"]
[EventType "swiss"]
[EventDate "2016.05.14"]

1. d4 Nf6 2. c4 e6 3. Nf3 b6 4. a3 Bb7 5. Nc3 Be7 6. d5 d6 7. e4 Nbd7 8. Bd3
Nc5 9. Bc2 a5 10. Nd4 O-O 11. Be3 e5 12. Nf5 Bc8 13. Qf3 Ne8 14. h4 Bf6 15. g4
g6 16. Nh6+ Kg7 17. g5 Be7 18. Qg3 Kh8 19. h5 Ng7 20. Nxf7+ Rxf7 21. hxg6 Nh5
22. Rxh5 Rg7 23. Rxh7+ 1-0

[Event "DEM U14 2016"]
[Site "Willingen GER"]
[Date "2016.05.17"]
[Round "4"]
[White "Kopylov, Daniel"]
[Black "Stelmaszyk, Nico"]
[Result "1-0"]
[Termination "normal"]
[Board "12"]
[WhiteElo "2098"]
[BlackElo "1778"]
[WhiteClock "00:13:59"]
[BlackClock "00:12:14"]
[PlyCount "119"]
[WhiteFideId "12921971"]
[BlackFideId "16200462"]
[EventCountry "GER"]
[EventRounds "9"]
[EventType "swiss"]
[EventDate "2016.05.14"]

1. e4 e5 2. Nf3 Nc6 3. d4 exd4 4. Nxd4 Qf6 5. Ne2 Bc5 6. Nf4 d6 7. Nc3 Nge7 8.
Be2 Be6 9. O-O O-O 10. a3 a6 11. Bd3 Ne5 12. Qe2 c6 13. Be3 Bxe3 14. Qxe3 Rad8
15. Qg3 Nxd3 16. Nxd3 Bc4 17. Rfe1 Bxd3 18. cxd3 Qd4 19. Rad1 Rd7 20. h3 Ng6
21. Kh2 Qe5 22. d4 Qxg3+ 23. Kxg3 Re8 24. f4 Rde7 25. f5 Nf8 26. Kf4 f6 27. Re2
Nd7 28. Rde1 Kf7 29. g4 g5+ 30. Kf3 Nb6 31. b3 Nd7 32. h4 h6 33. Rh1 Kg7 34.
Reh2 Nf8 35. Re2 Nd7 36. Rhe1 Kf7 37. Nb1 Nb6 38. Nd2 Kf8 39. a4 a5 40. hxg5
hxg5 41. Rh1 Rg7 42. Reh2 Kf7 43. Rh7 Reg8 44. e5 d5 45. R7h6 fxe5 46. dxe5 Rf8
47. Ke3 Nc8 48. Nf3 c5 49. Rf6+ Ke7 50. Rxf8 Kxf8 51. Rh8+ Rg8 52. Rxg8+ Kxg8
53. Nxg5 Ne7 54. f6 Ng6 55. e6 Kf8 56. e7+ Nxe7 57. Ne6+ Kf7 58. fxe7 Kxe7 59.
Nxc5 b6 60. Nd3 1-0

[Event "DEM U14 2016"]
[Site "Willingen GER"]
[Date "2016.05.17"]
[Round "4"]
[White "Wong, Gengchun"]
[Black "Engel, Robert"]
[Result "1-0"]
[Termination "normal"]
[Board "13"]
[WhiteElo "2077"]
[BlackElo "1757"]
[WhiteClock "00:58:08"]
[BlackClock "00:58:14"]
[PlyCount "35"]
[WhiteFideId "12963283"]
[BlackFideId "12974684"]
[EventCountry "GER"]
[EventRounds "9"]
[EventType "swiss"]
[EventDate "2016.05.14"]

1. e4 c6 2. Nc3 d5 3. d4 dxe4 4. Nxe4 g6 5. Nf3 Bg4 6. Bc4 Bxf3 7. Qxf3 Nf6 8.
Qb3 Bg7 9. Bxf7+ Kf8 10. Ng5 Qb6 11. Bc4 Nd5 12. Bxd5 Qa5+ 13. Bd2 Qxd5 14.
Qxb7 Bxd4 15. O-O Qd7 16. Qxd7 Nxd7 17. Ne6+ Kf7 18. Nxd4 1-0

[Event "DEM U14 2016"]
[Site "Willingen GER"]
[Date "2016.05.17"]
[Round "4"]
[White "Wierzbicki, Jirawat"]
[Black "Mühlpfordt, Thomas"]
[Result "1/2-1/2"]
[Termination "normal"]
[Board "14"]
[WhiteElo "2071"]
[BlackElo "1707"]
[WhiteClock "00:28:14"]
[BlackClock "00:18:38"]
[PlyCount "62"]
[WhiteFideId "1153579"]
[BlackFideId "12986623"]
[EventCountry "GER"]
[EventRounds "9"]
[EventType "swiss"]
[EventDate "2016.05.14"]

1. e4 e5 2. d4 exd4 3. Qxd4 Nc6 4. Qe3 Bb4+ 5. Nc3 Nf6 6. Bd2 O-O 7. O-O-O Re8
8. Qg3 Rxe4 9. a3 Bd6 10. f4 Re8 11. Bd3 Bf8 12. Nf3 d5 13. Rhe1 b6 14. Qh4 Be7
15. g4 g6 16. g5 Nh5 17. Bb5 Bb7 18. Be3 a6 19. Nxd5 axb5 20. Nf6+ Bxf6 21.
Rxd8 Bxd8 22. Nd4 Nxd4 23. Bxd4 Be7 24. Re3 Bd6 25. Be5 Re6 26. Rc3 Rae8 27. b4
Bxe5 28. fxe5 R8e7 29. Qd4 Rxe5 30. Rxc7 Re1+ 31. Kd2 R1e2+ 1/2-1/2

[Event "DEM U14 2016"]
[Site "Willingen GER"]
[Date "2016.05.17"]
[Round "4"]
[White "Lindow, Max"]
[Black "Hoffmann, Lennard"]
[Result "0-1"]
[Termination "normal"]
[Board "15"]
[WhiteElo "1472"]
[BlackElo "1867"]
[WhiteClock "00:00:37"]
[BlackClock "00:33:25"]
[PlyCount "124"]
[WhiteFideId "16211057"]
[BlackFideId "12943495"]
[EventCountry "GER"]
[EventRounds "9"]
[EventType "swiss"]
[EventDate "2016.05.14"]

1. e4 c5 2. c3 d5 3. exd5 Qxd5 4. d4 Nf6 5. Nf3 e6 6. Be2 Be7 7. O-O O-O 8. Be3
cxd4 9. cxd4 Nc6 10. Nc3 Qd6 11. Nb5 Qd7 12. Bf4 Nd5 13. Bg3 a6 14. Nc3 Rd8 15.
Qb3 b5 16. Nxd5 Qxd5 17. Qxd5 Rxd5 18. Rac1 Bb7 19. Rfd1 Rad8 20. Kf1 Bf6 21.
Bc7 R8d7 22. Bb6 h6 23. Rc5 R5d6 24. Rcc1 Bxd4 25. Nxd4 Nxd4 26. Bxd4 Rxd4 27.
Rxd4 Rxd4 28. Rc2 Kf8 29. f3 Ke7 30. Kf2 Kd6 31. Ke3 e5 32. Bd3 g6 33. g4 Rf4
34. Rf2 f5 35. h3 Ke6 36. Rf1 Kf6 37. Be2 h5 38. Rd1 Ke6 39. gxh5 gxh5 40. Rg1
Kf6 41. Rg2 Rh4 42. Rh2 f4+ 43. Kf2 Kf5 44. Bd3+ Kf6 45. Ke2 Bc8 46. Be4 Rxh3
47. Rxh3 Bxh3 48. b4 Bc8 49. Kf2 h4 50. Kg2 h3+ 51. Kh2 Ke7 52. Kg1 Kd6 53. Kh1
Be6 54. a3 Bd5 55. Kh2 Bxe4 56. fxe4 Ke6 57. Kxh3 Kf7 58. Kg4 Kg6 59. Kh4 f3
60. Kg3 Kg5 61. Kxf3 Kh4 62. Kf2 Kg4 0-1

[Event "DEM U14 2016"]
[Site "Willingen GER"]
[Date "2016.05.17"]
[Round "4"]
[White "Bui, Hai Lam"]
[Black "Righi, Sofian"]
[Result "0-1"]
[Termination "normal"]
[Board "16"]
[WhiteElo "2025"]
[BlackElo "1734"]
[PlyCount "138"]
[WhiteFideId "12975737"]
[BlackFideId "12987581"]
[EventCountry "GER"]
[EventRounds "9"]
[EventType "swiss"]
[EventDate "2016.05.14"]

1. e4 c5 2. Nf3 d6 3. d4 cxd4 4. Nxd4 Nf6 5. Nc3 g6 6. Nd5 Nxd5 7. Bb5+ Bd7 8.
exd5 Bg7 9. O-O O-O 10. Be2 e5 11. Nb3 f5 12. f4 Qb6+ 13. Kh1 e4 14. a4 Qc7 15.
a5 Rc8 16. c4 Na6 17. Qc2 Nb4 18. Qd1 Na6 19. Qc2 Nb4 20. Qb1 Na6 21. Be3 b6
22. axb6 axb6 23. Rxa6 Rxa6 24. c5 b5 25. c6 Bxc6 26. dxc6 Rxc6 27. Nd4 Bxd4
28. Bxd4 Rc1 29. Qa2+ Qf7 30. Qxf7+ Kxf7 31. Kg1 Rxf1+ 32. Kxf1 b4 33. Ke1 Ke6
34. Kd2 d5 35. Be5 g5 36. Ba6 Rg8 37. g3 h6 38. Ke3 Rd8 39. Kd4 Ra8 40. Bb7 Rd8
41. Bc7 e3 42. Kxe3 Re8 43. Kd4 Kd7 44. Be5 gxf4 45. gxf4 Rg8 46. Bxd5 Rg4 47.
Kc4 Rh4 48. Kxb4 Rxh2 49. Kc4 h5 50. b4 h4 51. b5 Rc2+ 52. Kb4 Rd2 53. b6 Rxd5
54. b7 Rd1 55. b8=Q Rb1+ 56. Kc4 Rxb8 57. Bxb8 h3 58. Ba7 h2 59. Bd4 h1=Q 60.
Be5 Qe4+ 61. Kc3 Kc6 62. Kd2 Kd5 63. Kc3 Qc4+ 64. Kb2 Qd3 65. Bf6 Kc4 66. Be5
Qb3+ 67. Ka1 Kd3 68. Bf6 Kc2 69. Be5 Qb1# 0-1

[Event "DEM U14 2016"]
[Site "Willingen GER"]
[Date "2016.05.17"]
[Round "4"]
[White "Biermann, Florian"]
[Black "Lange, Jannis"]
[Result "0-1"]
[Termination "normal"]
[Board "17"]
[WhiteElo "1964"]
[BlackElo "1768"]
[PlyCount "94"]
[WhiteFideId "12970069"]
[BlackFideId "12993107"]
[EventCountry "GER"]
[EventRounds "9"]
[EventType "swiss"]
[EventDate "2016.05.14"]

1. c4 e6 2. Nc3 d5 3. d4 Nf6 4. cxd5 exd5 5. Bg5 Be7 6. e3 Bf5 7. Qb3 Nbd7 8.
Nf3 Nb6 9. Ne5 c6 10. Be2 Nfd7 11. Bxe7 Qxe7 12. Nxd7 Qxd7 13. Na4 Nxa4 14.
Qxa4 O-O 15. O-O Bg6 16. Bf3 Qe7 17. b4 Bd3 18. Rfc1 Bb5 19. Qc2 Qxb4 20. Rcb1
Qa5 21. h4 Ba6 22. Be2 Bxe2 23. Qxe2 Rab8 24. Rb3 Rfd8 25. Qb2 Qc7 26. Rb1 Rd7
27. Qa3 b6 28. Rc1 Qd6 29. Qa4 Rc7 30. Rbc3 Rbc8 31. Qa6 Qe7 32. Qd3 h6 33. Qc2
Qxh4 34. a4 Qe7 35. a5 c5 36. e4 Qxe4 37. Qxe4 dxe4 38. d5 Rd7 39. axb6 axb6
40. Rb3 Rxd5 41. Rxb6 c4 42. Rb7 Rdc5 43. Kf1 f5 44. Rd1 R8c7 45. Rb8+ Kf7 46.
Rdd8 c3 47. Rf8+ Kg6 0-1

[Event "DEM U14 2016"]
[Site "Willingen GER"]
[Date "2016.05.17"]
[Round "4"]
[White "Roho, Kevin"]
[Black "Bajorski, Marius"]
[Result "1-0"]
[Termination "normal"]
[Board "18"]
[WhiteElo "1859"]
[BlackElo "1793"]
[PlyCount "41"]
[WhiteFideId "12973734"]
[BlackFideId "12938831"]
[EventCountry "GER"]
[EventRounds "9"]
[EventType "swiss"]
[EventDate "2016.05.14"]

1. e4 e5 2. d4 exd4 3. Bc4 Nf6 4. Nf3 Nc6 5. e5 Bb4+ 6. c3 dxc3 7. bxc3 Be7 8.
exf6 Bxf6 9. Be3 O-O 10. O-O Ne5 11. Nxe5 Bxe5 12. Bd4 Bd6 13. Qg4 g6 14. Nd2
c5 15. Be3 Be5 16. Qf3 Bxc3 17. Ne4 Bxa1 18. Rxa1 d5 19. Bxd5 Bf5 20. Bh6 Bxe4
21. Qc3 1-0

[Event "DEM U14 2016"]
[Site "Willingen GER"]
[Date "2016.05.17"]
[Round "4"]
[White "Meric, Geoffrey"]
[Black "Pysarenko, Kyrill"]
[Result "1-0"]
[Termination "normal"]
[Board "19"]
[WhiteElo "1873"]
[BlackElo "1718"]
[PlyCount "77"]
[WhiteFideId "26092891"]
[BlackFideId "12974250"]
[EventCountry "GER"]
[EventRounds "9"]
[EventType "swiss"]
[EventDate "2016.05.14"]

1. e4 c5 2. Nf3 e6 3. d4 cxd4 4. Nxd4 Nf6 5. Nc3 d6 6. g4 Nc6 7. g5 Nd7 8. Be3
a6 9. h4 g6 10. h5 Bg7 11. Nxc6 bxc6 12. Qxd6 Be5 13. Qxc6 Rb8 14. O-O-O Bb7
15. Qa4 Rc8 16. Bd4 Qxg5+ 17. Kb1 Bc6 18. Qxa6 O-O 19. Bxe5 Nxe5 20. Bd3 Ra8
21. Qb6 Rfb8 22. Qe3 Qe7 23. b3 Ba4 24. f4 Nc6 25. hxg6 fxg6 26. Kc1 Bxb3 27.
axb3 Qb4 28. Bc4 Qa3+ 29. Kd2 Nb4 30. Bxe6+ Kf8 31. Qc5+ Ke8 32. Rxh7 Rd8+ 33.
Ke2 Qa6+ 34. Bc4 Qf6 35. Bb5+ Rd7 36. Bxd7+ Kd8 37. Bb5+ Nd3 38. Rxd3+ Qd4 39.
Qc7# 1-0

[Event "DEM U14 2016"]
[Site "Willingen GER"]
[Date "2016.05.17"]
[Round "4"]
[White "Röhr, Tobias"]
[Black "Yankelevich, Michael"]
[Result "1-0"]
[Termination "normal"]
[Board "20"]
[WhiteElo "1898"]
[BlackElo "1960"]
[PlyCount "121"]
[WhiteFideId "12963089"]
[BlackFideId "12921440"]
[EventCountry "GER"]
[EventRounds "9"]
[EventType "swiss"]
[EventDate "2016.05.14"]

1. e4 c5 2. a3 e6 3. Bc4 a6 4. d3 b5 5. Ba2 Bb7 6. Nf3 d5 7. exd5 exd5 8. O-O
Be7 9. Re1 Nf6 10. Qe2 Nc6 11. Bg5 O-O 12. Nc3 d4 13. Bxf6 Bxf6 14. Ne4 Be7 15.
Qd2 Qc7 16. Nfg5 h6 17. Nh3 Rad8 18. Re2 Kh7 19. Nf4 Ne5 20. Rae1 Ng6 21. Nxg6
fxg6 22. c3 dxc3 23. Qxc3 Qd7 24. Nxc5 Bxc5 25. Qxc5 Qxd3 26. Re7 Rfe8 27. h3
Rxe7 28. Qxe7 Qd7 29. b4 Qxe7 30. Rxe7 Rd1+ 31. Kh2 Rd2 32. Bf7 Bc6 33. Re6 Bd7
34. Bxg6+ Kg8 35. Rxa6 Rxf2 36. Rd6 Rf6 37. Rxd7 Rxg6 38. Rd5 Ra6 39. Kg3 Rxa3+
40. Kg4 Kf7 41. Rxb5 Ra2 42. g3 Ra3 43. h4 Ra8 44. Rb7+ Kf6 45. Rb6+ Kf7 46.
Kf5 Ra7 47. g4 Rc7 48. h5 Rd7 49. Ke5 Ke7 50. Rb8 Rd1 51. Rb7+ Kf8 52. Rb6 Rg1
53. Ke6 Re1+ 54. Kd5 Rf1 55. Rg6 Kg8 56. b5 Kh7 57. b6 Rd1+ 58. Kc6 Ra1 59. b7
Ra6+ 60. Kc7 Ra8 61. Rxg7+ 1-0

[Event "DEM U14 2016"]
[Site "Willingen GER"]
[Date "2016.05.17"]
[Round "4"]
[White "Roth, Jakob"]
[Black "Pölt, Christoph"]
[Result "0-1"]
[Termination "normal"]
[Board "21"]
[WhiteElo "1847"]
[BlackElo "1767"]
[PlyCount "72"]
[WhiteFideId "12952605"]
[BlackFideId "12960853"]
[EventCountry "GER"]
[EventRounds "9"]
[EventType "swiss"]
[EventDate "2016.05.14"]

1. d4 d5 2. c4 e6 3. Nc3 Nf6 4. cxd5 exd5 5. Bg5 Nbd7 6. e3 c6 7. Bd3 Be7 8.
Qc2 Nh5 9. Bxe7 Qxe7 10. Qe2 g6 11. Nf3 Nb6 12. Ne5 Ng7 13. O-O O-O 14. Rab1
Bf5 15. b4 a6 16. a4 Rfc8 17. a5 Nd7 18. Bxf5 Nxf5 19. Nxd7 Qxd7 20. Na4 Qe7
21. Nb6 Nxd4 22. Qg4 Ne6 23. Nxa8 Rxa8 24. Rfc1 h5 25. Qg3 h4 26. Qg4 Kg7 27.
g3 Rh8 28. Re1 Ng5 29. Qd4+ Kg8 30. Kg2 h3+ 31. Kf1 Nf3 32. Qc5 Nxh2+ 33. Ke2
Qe4 34. Rbd1 Nf3 35. Rh1 h2 36. Rd3 Ng1+ 0-1